00403nam a2200145Ia 4500008004100000020001500041041001200056082001600068100001500084245009000099260002500189300000800214650001600222700001900238221030s9999 xx 000 0 und d a0074516922 aEnglish a105.23bJai aR. P. Jain 0aDigital Electronics Practice Using Integrated Circuitscby R. P. Jain, M. M. S. Anand bTMHaNew Delhic1999 a323 aBE Computer aM. M. S. Anand